SALT 2 a současnost

Gespeichert in:
Bibliographische Detailangaben
1. Verfasser: Procházka, Zdeněk
Weitere Verfasser: Mikulín, Antonín
Format: Buch
Sprache:Tschechisch
Veröffentlicht: Praha Naše vojsko 1986
Ausgabe:1. vyd.
Tags: Tag hinzufügen
Keine Tags, Fügen Sie das erste Tag hinzu!

MARC

LEADER 00000nam a2200000 4500
001 c026019
005 20221220074130.6
041 0 |a cze 
044 |a CZ 
245 1 0 |a SALT 2 a současnost  |c Zdeněk Procházka, Antonín Mikulín 
250 |a 1. vyd. 
264 1 |a Praha  |b Naše vojsko  |c 1986 
300 |a 57 s. 
100 1 |a Procházka, Zdeněk 
700 1 |a Mikulín, Antonín